000 00956nam a2200253Ia 4500
003 OSt
005 20220923211111.0
006 a|||||r|||| 00| 0
007 ta
008 220922b |||||||| |||| 00| 0 hin d
020 _a8181430611 (hbk)
_c500
024 _a240,962
037 _b513, 08/03/2010, Vani Prakashan
_cTextual
040 _aARTS
_cARTS
_bhin
041 _2hin
_ahin
082 _aO152,3N296x, P3
100 _aवर्मा, निर्मल; आचार्य, नंदकिशोर, संपा.
_9158226
245 0 _aअन्तर्यात्रा
246 _aAntaryātrā
260 _aनयी दिल्ली
_b वाणी प्रकाशन
_c2003
300 _a576पृ.
_ccm.
942 _hO152,3N296x, P3
_cTEXL
_2CC
999 _c295227
_d295227